| 000 | 00961nam a22002535a 4500 | ||
|---|---|---|---|
| 003 | OSt | ||
| 005 | 20170408105820.0 | ||
| 008 | 160922s2012 ua frb 000 0 ara d | ||
| 015 | _a2006 / 2704 | ||
| 020 | _a9770448419 | ||
| 040 |
_aEG-ScBUE _bara _cEG-ScBUE |
||
| 043 | _af-ua--- | ||
| 082 | 0 | 4 |
_a345.6204 _bع ب و _222 |
| 100 | 1 | _aعبودي، محمد عبد القادر. | |
| 245 | 1 | 2 |
_aالمسئولية الجنائية للأشخاص المعنوية في التشريع المصري : _bدراسة مقارنة / _cمحمد عبد القادر العبودي. |
| 260 |
_aالقاهرة : _bدار النهضة العربية، _c2012 |
||
| 300 |
_a134 ص. ؛ _c24 سم. |
||
| 504 | _aيشتمل على إرجاعات ببليوجرافية. | ||
| 650 | 7 |
_2BUEsh _aالمسئولية الجنائية _zمصر. |
|
| 650 | 7 |
_2BUEsh _aالقانون الجنائي _941146 _zمصر |
|
| 651 | _2BUEsh | ||
| 653 |
_bLLAAWW _cApril2017 |
||
| 942 | _2ddc | ||
| 999 |
_c24587 _d24559 |
||